| 000 | 00518nam a2200205Ia 4500 | ||
|---|---|---|---|
| 005 | 20240823053510.0 | ||
| 008 | 240823s9999||||xx |||||||||||||| ||und|| | ||
| 020 | _a1-56308-641-7 | ||
| 041 | _aENGLISH | ||
| 082 | _A025.3 P5 | ||
| 100 | _aDonald B Cleveland | ||
| 245 | 0 | _aIntroduction to Indexing and Abstracting | |
| 250 | _a3rd | ||
| 260 |
_c2005 _b"Rain Tree,Ch" _aChennai |
||
| 500 | _aYES | ||
| 650 |
_aIndexing and Abstracting _bGeneral |
||
| 700 | _a Ana D Cleveland | ||
| 942 | _cBK | ||
| 999 |
_c224293 _d224293 |
||